[Event "HUN-chT U18"]
[Site "Budapest"]
[Date "2021.10.24"]
[Round "1.12"]
[White "Buri, Kata"]
[Black "Kohari, Zalan Ferenc"]
[Result "1-0"]
[WhiteElo "1745"]
[BlackElo "1078"]
[PlyCount "57"]
[EventDate "2021.10.24"]
[EventType "team-tourn"]
[EventRounds "7"]
[EventCountry "HUN"]
[SourceTitle "CBM 205 Extra"]
[Source "ChessBase"]
[SourceDate "2022.01.31"]
[SourceVersion "1"]
[SourceVersionDate "2022.01.31"]
[SourceQuality "1"]

1. e4 c5 2. Nc3 Nc6 3. g3 e5 4. d3 d6 5. Bg2 Be7 6. f4 f5 7. Nf3 Be6 8. 0-0 Bf6 9. exf5 Bxf5 10. fxe5 dxe5 11. Be3 Qd6 12. Nh4 Bxh4 13. Rxf5 Bf6 14. Rf1 Nge7 15. Ne4 Qc7 16. Qh5+ Ng6 17. Nxf6+ gxf6 18. Rxf6 0-0-0 19. Raf1 Nd4 20. Rf7 Qb6 21. Rxb7 Qxb7 22. Bxb7+ Kxb7 23. Rf7+ Kc6 24. c3 Nb5 25. Qf3+ Kb6 26. Qb7+ Ka5 27. Bxc5 Ra8 28. b4+ Ka4 29. Qa6# 1-0